[Event "SK Wildeshausen-SV Motor Eberswalde"]
[Site "?"]
[Date "2009.12.30"]
[Round "7.2"]
[White "Duchow, Julien"]
[Black "Tesch, Davy"]
[Result "1/2-1/2"]
[WhiteElo "1515"]
[BlackElo "1303"]
[PlyCount "112"]
[EventDate "2009.??.??"]
[WhiteTeam "SK Wildeshausen"]
[BlackTeam "SV Motor Eberswalde"]

1. e4 d5 2. exd5 Qxd5 3. Nc3 Qa5 4. d4 c6 5. Bc4 Nf6 6. Nf3 Bf5 7. Bd2 Qc7 8.
Ne5 e6 9. g4 Be4 10. Nxe4 Nxe4 11. Rf1 Nd7 12. Nxd7 Qxd7 13. Bf4 Bd6 14. f3
Bxf4 15. fxe4 Bxh2 16. Qf3 Bc7 17. O-O-O Rf8 18. d5 cxd5 19. exd5 e5 20. Qe2
O-O-O 21. Rf2 Qd6 22. Rdf1 f6 23. Qe4 h6 24. Qg6 Qe7 25. Qe4 Bd6 26. Rf3 Kb8
27. Rb3 Ka8 28. Bb5 Qc7 29. Rff3 Qa5 30. Rfc3 Qxa2 31. Qa4 Qxa4 32. Bxa4 Rc8
33. Bd7 Rc7 34. Rxc7 Bxc7 35. Bf5 Kb8 36. Rc3 Rd8 37. Be4 Rd6 38. Ra3 Rb6 39.
c3 Bd6 40. Ra4 Rb5 41. Kc2 Rc5 42. Kd2 a6 43. Kd3 Kc8 44. Rc4 Rxc4 45. Kxc4 Kc7
46. Kb3 Bc5 47. Kc4 Kd6 48. Kd3 Bf2 49. Ke2 Bc5 50. Kd3 b5 51. b4 Bf2 52. Ke2
Bh4 53. Kf1 Bg5 54. Ke2 Bc1 55. Kd3 Bf4 56. Ke2 Bg5 1/2-1/2

[Event "SK Wildeshausen-SV Motor Eberswalde"]
[Site "?"]
[Date "2009.12.30"]
[Round "7.3"]
[White "Mätzkow, Maximilian Paul"]
[Black "Finke, Maurice"]
[Result "1/2-1/2"]
[WhiteElo "1366"]
[BlackElo "1411"]
[PlyCount "125"]
[EventDate "2009.??.??"]
[WhiteTeam "SV Motor Eberswalde"]
[BlackTeam "SK Wildeshausen"]

1. d4 c5 2. e3 g6 3. Nf3 b6 4. Nbd2 Bg7 5. Bd3 Bb7 6. O-O Nf6 7. b3 d6 8. Bb2
O-O 9. Re1 Nc6 10. c4 e6 11. Qc2 Nb4 12. Qc3 Nxd3 13. Qxd3 Re8 14. Qc3 Rc8 15.
Rad1 d5 16. Ne5 Nd7 17. f4 f6 18. Nxd7 Qxd7 19. Nf3 Qc7 20. Qd2 Rcd8 21. Qf2
Rd7 22. Qg3 Red8 23. Rc1 Qb8 24. h4 Kf7 25. Qh3 dxc4 26. Rxc4 Bxf3 27. Qxf3 f5
28. Rd1 Bf6 29. h5 Kg7 30. hxg6 hxg6 31. g4 Kf7 32. g5 Bg7 33. Qe2 Qb7 34. Qg2
Qxg2+ 35. Kxg2 e5 36. fxe5 Bxe5 37. Kf3 Rh8 38. dxe5 Rxd1 39. e6+ Kxe6 40. Bxh8
Rd2 41. a4 Rd8 42. Bf6 Rd1 43. a5 Rb1 44. axb6 axb6 45. Rc3 Kd5 46. Bd8 Kc6 47.
Ke2 Kb5 48. Kd2 Rb2+ 49. Rc2 Rxb3 50. Rc3 Rb2+ 51. Rc2 Rb3 52. Kc1 Rxe3 53.
Rb2+ Kc4 54. Bxb6 Rc3+ 55. Rc2 Rxc2+ 56. Kxc2 Kb5 57. Bc7 Kc6 58. Bf4 Kd5 59.
Kd3 c4+ 60. Kc3 Ke4 61. Bd2 f4 62. Kxc4 Kf5 63. Kd4 1/2-1/2

[Event "SK Wildeshausen-SV Motor Eberswalde"]
[Site "?"]
[Date "2009.12.30"]
[Round "7.4"]
[White "Schaar, Tim"]
[Black "Windschügl, Martin"]
[Result "0-1"]
[WhiteElo "900"]
[BlackElo "1140"]
[PlyCount "50"]
[EventDate "2009.??.??"]
[WhiteTeam "SK Wildeshausen"]
[BlackTeam "SV Motor Eberswalde"]

1. e4 d5 2. exd5 Qxd5 3. Nc3 Qa5 4. d4 c6 5. Bc4 Nf6 6. Nf3 Bf5 7. Bd2 Qc7 8.
Qe2 e6 9. Ne5 Nbd7 10. g4 Nxe5 11. dxe5 Nxg4 12. f4 Nh6 13. O-O-O Bg4 14. Qg2
Bxd1 15. Rxd1 Nf5 16. Qf2 Qb6 17. Qxb6 axb6 18. Ne4 Ra4 19. Bd3 Rxa2 20. Kb1
Ra7 21. Nd6+ Nxd6 22. exd6 Bxd6 23. Rg1 g6 24. h4 Ke7 25. Rh1 Rha8 0-1

[Event "SC Eppelborn-SC Forchheim"]
[Site "?"]
[Date "2009.12.30"]
[Round "7.1"]
[White "Wagner, Robert"]
[Black "Dickmann, Christopher"]
[Result "1/2-1/2"]
[WhiteElo "1603"]
[BlackElo "1212"]
[PlyCount "40"]
[EventDate "2009.??.??"]
[WhiteTeam "SC Forchheim"]
[BlackTeam "SC Eppelborn"]

1. d4 Nf6 2. Nf3 c5 3. c3 d5 4. Bf4 Nc6 5. e3 a6 6. Bd3 Bg4 7. Nbd2 e6 8. O-O
c4 9. Bc2 Be7 10. e4 O-O 11. a3 Bh5 12. Re1 Re8 13. Bg3 Bg6 14. Ne5 Nxe5 15.
Bxe5 Nd7 16. Bf4 Bf8 17. e5 Bxc2 18. Qxc2 b5 19. Nf3 h6 20. Re3 Qc7 1/2-1/2

[Event "SC Eppelborn-SC Forchheim"]
[Site "?"]
[Date "2009.12.30"]
[Round "7.2"]
[White "Klesen, Jonas"]
[Black "Wernsdörfer, Fabio"]
[Result "0-1"]
[WhiteElo "995"]
[BlackElo "1293"]
[PlyCount "100"]
[EventDate "2009.??.??"]
[WhiteTeam "SC Eppelborn"]
[BlackTeam "SC Forchheim"]

1. e4 e5 2. Nc3 Nf6 3. f4 Nc6 4. Nf3 d6 5. Bc4 Bg4 6. h3 Bh5 7. g4 Nxg4 8. hxg4
Bxg4 9. d3 Nd4 10. Rf1 Nxf3+ 11. Rxf3 Qh4+ 12. Kd2 Bxf3 13. Qxf3 Qxf4+ 14. Qxf4
exf4 15. Nd5 Rc8 16. Nxf4 Be7 17. Ke2 Bg5 18. Kf2 Bxf4 19. Bxf4 f6 20. Rf1 g5
21. Be3 a6 22. Kg3 Ke7 23. Bd4 Rcf8 24. Kg4 c5 25. Bc3 b5 26. Bb3 h5+ 27. Kg3
Rh6 28. Rf2 h4+ 29. Kh3 Rfh8 30. Bd2 R8h7 31. Rg2 Rg7 32. c3 Rh8 33. Rg1 g4+
34. Rxg4 Rxg4 35. Kxg4 h3 36. Bd1 h2 37. Bf3 h1=Q 38. Bxh1 Rxh1 39. a3 Rh2 40.
Bc1 Rc2 41. Be3 Rxb2 42. d4 c4 43. e5 fxe5 44. dxe5 dxe5 45. Kf3 Rb3 46. Ke4
Ke6 47. Bd2 Rxa3 48. Bc1 Rxc3 49. Bb2 Rb3 50. Bxe5 a5 0-1

[Event "SC Eppelborn-SC Forchheim"]
[Site "?"]
[Date "2009.12.30"]
[Round "7.3"]
[White "Braun, Kristin"]
[Black "Jankir, Hevidar"]
[Result "1-0"]
[WhiteElo "1335"]
[BlackElo "926"]
[PlyCount "71"]
[EventDate "2009.??.??"]
[WhiteTeam "SC Forchheim"]
[BlackTeam "SC Eppelborn"]

1. e4 e5 2. Nf3 Nc6 3. Nc3 Bc5 4. Bc4 d6 5. d3 Be6 6. Bb3 Nf6 7. Bg5 Bb4 8. O-O
Bxc3 9. bxc3 O-O 10. d4 exd4 11. cxd4 h6 12. Bxf6 Qxf6 13. d5 Na5 14. dxe6 Nxb3
15. exf7+ Rxf7 16. axb3 a6 17. Qd5 c6 18. Qc4 Raf8 19. Rae1 Qg6 20. Nh4 Qf6 21.
Nf5 d5 22. Qd3 dxe4 23. Nxh6+ Qxh6 24. Qxe4 Qf6 25. Qe6 Qd8 26. Rd1 Qc7 27. Rd3
Qa5 28. Rfd1 Kh8 29. Rh3+ Kg8 30. Qg6 Re7 31. Qh7+ Kf7 32. Rf3+ Ke8 33. Qg6+
Rff7 34. Re3 Rxe3 35. fxe3 Qc3 36. Qe6+ 1-0

[Event "SC Eppelborn-SC Forchheim"]
[Site "?"]
[Date "2009.12.30"]
[Round "7.4"]
[White "Jankir, Delschad"]
[Black "Bodky, Daniel"]
[Result "1/2-1/2"]
[WhiteElo "758"]
[BlackElo "1064"]
[PlyCount "60"]
[EventDate "2009.??.??"]
[WhiteTeam "SC Eppelborn"]
[BlackTeam "SC Forchheim"]

1. e4 c5 2. Nf3 Nc6 3. Bc4 Nf6 4. Nc3 e6 5. O-O Bd6 6. d3 O-O 7. Qe2 Be5 8. Bd2
d5 9. exd5 exd5 10. Bb5 d4 11. Bxc6 bxc6 12. Qxe5 dxc3 13. Bxc3 Qd5 14. Qxd5
cxd5 15. Bxf6 gxf6 16. c4 d4 17. h3 Bf5 18. Rfd1 Rab8 19. b3 a5 20. Rab1 Kh8
21. Nh4 Be6 22. Kh2 Bd7 23. a4 Rfe8 24. Kg3 Kg7 25. Kf4 Re2 26. f3 Rb4 27. Kg3
f5 28. Kf4 Kf8 29. g4 Rh2 30. Kg3 Re2 1/2-1/2

[Event "SV Ahlen 54-SC Widdern"]
[Site "?"]
[Date "2009.12.30"]
[Round "7.2"]
[White "Klötzel, Eric"]
[Black "Dirks, Alexander"]
[Result "0-1"]
[WhiteElo "1190"]
[BlackElo "1107"]
[PlyCount "72"]
[EventDate "2009.??.??"]
[WhiteTeam "SV Ahlen 54"]
[BlackTeam "SC Widdern"]

1. d4 d5 2. Nf3 Nf6 3. Bf4 Bf5 4. e3 e6 5. c3 c5 6. Bd3 Bxd3 7. Qxd3 c4 8. Qc2
Bd6 9. Be5 Bxe5 10. Nxe5 Nbd7 11. Nxd7 Qxd7 12. Nd2 O-O 13. O-O-O a5 14. h4 a4
15. a3 Rfe8 16. f4 Ng4 17. Rde1 Nf2 18. Nxc4 Nxh1 19. Nb6 Qc6 20. Nxa8 Ng3 21.
Nb6 Qxb6 22. Qxa4 Qc6 23. Qc2 Nf5 24. Qf2 Rc8 25. g4 Ne7 26. h5 Qc4 27. Kc2 b5
28. f5 exf5 29. gxf5 Rc6 30. Qf4 h6 31. Qg4 Rf6 32. e4 dxe4 33. Qxe4 Nxf5 34.
Qa8+ Kh7 35. Re8 Nxd4+ 36. Kd1 Qd3+ 0-1

[Event "SV Ahlen 54-SC Widdern"]
[Site "?"]
[Date "2009.12.30"]
[Round "7.3"]
[White "Weinmeister, Nico"]
[Black "Wefers, Simon"]
[Result "1-0"]
[WhiteElo "1075"]
[BlackElo "1015"]
[PlyCount "55"]
[EventDate "2009.??.??"]
[WhiteTeam "SC Widdern"]
[BlackTeam "SV Ahlen 54"]

1. e4 e6 2. d4 d5 3. Bd3 dxe4 4. Bxe4 Nf6 5. Bf3 Bd7 6. Ne2 Bc6 7. Bxc6+ Nxc6
8. O-O Bd6 9. Bg5 h6 10. Bh4 Qd7 11. Nbc3 Nd5 12. Rb1 g5 13. Bg3 f5 14. Nxd5
exd5 15. f4 O-O-O 16. Nc3 Ne7 17. Qd3 c6 18. a4 gxf4 19. Bxf4 Bxf4 20. Rxf4
Rdg8 21. Rff1 Rg5 22. b4 Rhg8 23. Rf2 Qd6 24. b5 Kc7 25. bxc6 Nxc6 26. Nb5+ Kd7
27. Nxd6 Kxd6 28. Rxb7 1-0

[Event "SV Ahlen 54-SC Widdern"]
[Site "?"]
[Date "2009.12.30"]
[Round "7.4"]
[White "Volesky, Anna-Katharina"]
[Black "Hoffmann, Jens"]
[Result "0-1"]
[WhiteElo "1026"]
[BlackElo "899"]
[PlyCount "120"]
[EventDate "2009.??.??"]
[WhiteTeam "SV Ahlen 54"]
[BlackTeam "SC Widdern"]

1. e4 e5 2. Nf3 Nc6 3. Bc4 Bc5 4. b4 Bb6 5. b5 Nce7 6. Nxe5 d5 7. Bb3 Bd4 8.
O-O Bxe5 9. d4 Bd6 10. e5 Bb4 11. a3 Ba5 12. c3 f6 13. exf6 Nxf6 14. Re1 O-O
15. Qe2 Re8 16. a4 Bf5 17. Nd2 Bxc3 18. Ra2 Ng6 19. Qd1 Bxd4 20. Nf3 Bc3 21.
Ree2 c6 22. Bg5 Bg4 23. Rac2 Bb4 24. Qd4 Rxe2 25. Rxe2 Bxf3 26. gxf3 c5 27.
Bxf6 cxd4 28. Bxd8 Rxd8 29. Rc2 a6 30. b6 Nh4 31. Rc7 Nxf3+ 32. Kg2 Nh4+ 33.
Kh3 Ng6 34. Rxb7 Bc5 35. a5 Bd6 36. Bxd5+ Kf8 37. Ra7 Nf4+ 38. Kg3 Nxd5+ 39.
Kf3 Bb8 40. Ra8 d3 41. Rxa6 Nb4 42. Ra8 d2 43. a6 Rd3+ 44. Kg2 d1=Q 45. Rxb8+
Rd8 46. a7 Qg4+ 47. Kf1 Qc4+ 48. Kg2 Qd5+ 49. Kf1 Qd6 50. a8=Q Rxb8 51. Qf3+
Ke7 52. Qe4+ Kd7 53. Qg4+ Kc6 54. Qe4+ Kxb6 55. Qe3+ Kb7 56. Qe4+ Nc6 57. Qb1+
Ka8 58. Qa2+ Na7 59. Qe2 Qc6 60. Qd1 Qh1+ 0-1

[Event "SV Unterkochen-SF Katernberg"]
[Site "?"]
[Date "2009.12.30"]
[Round "7.1"]
[White "Imcke, Patrick"]
[Black "Krieg, Hannes"]
[Result "1/2-1/2"]
[WhiteElo "1745"]
[BlackElo "1457"]
[PlyCount "83"]
[EventDate "2009.??.??"]
[WhiteTeam "SF Katernberg"]
[BlackTeam "SV Unterkochen"]

1. e4 e5 2. Nf3 Nc6 3. d4 exd4 4. Nxd4 Qh4 5. Be3 Qxe4 6. Nd2 Qe7 7. Be2 Nf6 8.
O-O Nxd4 9. Bxd4 d5 10. Re1 Be6 11. Nb3 Qd7 12. c4 Be7 13. Nc5 Bxc5 14. Bxc5 b6
15. Ba3 c5 16. b4 Rc8 17. bxc5 bxc5 18. cxd5 Nxd5 19. Qd2 O-O 20. Rac1 Nb6 21.
Qa5 Rfd8 22. Bxc5 Rb8 23. Red1 Qb7 24. Ba6 Qe4 25. Rxd8+ Rxd8 26. Bxb6 axb6 27.
Qxb6 Qd5 28. h3 h6 29. Bc4 Qg5 30. f4 Qf6 31. Bxe6 fxe6 32. Qe3 Qd4 33. Re1 Kf7
34. Kf2 Kf6 35. Qxd4+ Rxd4 36. g3 Ra4 37. Re2 Ra3 38. Kg2 g5 39. fxg5+ hxg5 40.
Kh2 Kf5 41. Rg2 e5 42. Kg1 1/2-1/2

[Event "SV Unterkochen-SF Katernberg"]
[Site "?"]
[Date "2009.12.30"]
[Round "7.2"]
[White "Deguenther, Julius"]
[Black "Marvani, Arman"]
[Result "1/2-1/2"]
[WhiteElo "1247"]
[BlackElo "1067"]
[PlyCount "28"]
[EventDate "2009.??.??"]
[WhiteTeam "SV Unterkochen"]
[BlackTeam "SF Katernberg"]

1. e4 e6 2. d3 c5 3. Nf3 Nc6 4. g3 Nge7 5. Bg2 g6 6. c3 Bg7 7. O-O d6 8. Be3
O-O 9. Qd2 f6 10. Rd1 g5 11. Ne1 b6 12. f4 g4 13. Nc2 e5 14. f5 Rf7 1/2-1/2

[Event "SV Unterkochen-SF Katernberg"]
[Site "?"]
[Date "2009.12.30"]
[Round "7.3"]
[White "Schimnatkowski, Lukas"]
[Black "Basaran, Mehmet"]
[Result "0-1"]
[WhiteElo "1105"]
[BlackElo "1106"]
[PlyCount "70"]
[EventDate "2009.??.??"]
[WhiteTeam "SF Katernberg"]
[BlackTeam "SV Unterkochen"]

1. e4 e5 2. d4 d6 3. dxe5 dxe5 4. Qxd8+ Kxd8 5. Bc4 Ke8 6. Nf3 Nd7 7. O-O Be7
8. Nc3 h6 9. Nd5 Bd6 10. Bd2 c6 11. Nc3 Ngf6 12. Rad1 Bc7 13. Rfe1 Ke7 14. Nh4
Re8 15. Nf5+ Kf8 16. Re3 Bb6 17. Ree1 Nc5 18. Nd6 Re7 19. b4 Ncd7 20. Nf5 a5
21. Nxe7 Kxe7 22. b5 cxb5 23. Nxb5 Nc5 24. Bd3 Ng4 25. Re2 Nxd3 26. cxd3 Nf6
27. Kh1 Ng4 28. Kg1 Nf6 29. Be3 Bxe3 30. Rxe3 Bd7 31. Nc3 Rc8 32. Ne2 Be6 33.
a3 Rc2 34. d4 Ng4 35. Rb3 Bxb3 0-1

[Event "SV Unterkochen-SF Katernberg"]
[Site "?"]
[Date "2009.12.30"]
[Round "7.4"]
[White "Zoller, Philipp"]
[Black "Döpper, Anna Berenice"]
[Result "1-0"]
[WhiteElo "1021"]
[BlackElo "906"]
[PlyCount "79"]
[EventDate "2009.??.??"]
[WhiteTeam "SV Unterkochen"]
[BlackTeam "SF Katernberg"]

1. e4 e6 2. d3 c5 3. Nf3 Nc6 4. g3 g6 5. Bg2 Bg7 6. c3 e5 7. Be3 d6 8. O-O Nge7
9. Nbd2 O-O 10. h3 h6 11. Nh2 Be6 12. Qe2 Qd7 13. g4 Rac8 14. f4 f6 15. Rf2 g5
16. f5 Bf7 17. b3 b6 18. Nhf3 Rfe8 19. Kh2 Kh7 20. Rh1 Rh8 21. Kg1 Kg8 22. Bf1
d5 23. Rfh2 a6 24. h4 b5 25. Bxc5 d4 26. cxd4 Nxd4 27. Bxd4 exd4 28. hxg5 fxg5
29. Qg2 Rc2 30. e5 Nd5 31. e6 Bxe6 32. fxe6 Qxe6 33. Qe2 Qf7 34. Rf2 Nf4 35.
Qe4 Qd7 36. Ne5 Bxe5 37. Qxe5 Qxg4+ 38. Bg2 Nxd3 39. Qe8+ Kg7 40. Qf7# 1-0